Suomen entiset luovutetut kunnat - Statistics

Yleistilastot
  • Tätä visaa on pelattu 77 kertaa
  • Keskiarvotulos 28 / 50
Vastaustilastot
Vastaus % Oikein
46. Viipuri
98%
35. Sortavala
93%
18. Käkisalmi
83%
1. Antrea
80%
40. Säkkijärvi
76%
47. Viipurin mlk
72%
41. Terijoki
70%
13 Koivisto
69%
25. Petsamo
65%
36. Sortavalan mlk
65%
28. Rautu
63%
38. Suojärvi
63%
8. Jääski
61%
19. Käkisalmen mlk
61%
12 Kivennapa
61%
20. Lahdenpohja
61%
42. Tytärsaari
61%
50. Äyräpää
59%
23. Metsäpirtti
59%
32. Salmi
59%
39. Suursaari
59%
7. Johannes
57%
24. Muolaa
57%
31. Sakkola
57%
33. Seiskari
57%
6. Jaakkima
54%
4. Hiitola
52%
14. Koiviston mlk
52%
21. Lavansaari
52%
29. Ruskeala
52%
45. Valkjärvi
50%
30. Räisälä
48%
48. Vuoksela
48%
2. Harlu
46%
16. Kuolemajärvi
46%
17. Kurkijoki
46%
44. Vahviala
46%
49. Vuoksenranta
46%
22. Lumivaara
44%
37. Suistamo
44%
11. Kirvu
43%
26. Pälkjärvi
43%
3. Heinjoki
41%
10 Kaukola
41%
5. Impilahti
39%
9. Kanneljärvi
37%
15. Korpiselkä
37%
34. Soanlahti
37%
27. Pyhäjärvi vpl
28%
43. Uusikirkko vpl
26%
Ehtoja vastaavia visoja ei löytynyt
Tulosjakauma
Jokaisen tuloksen saaneiden osuus
Persentiili vastausten määrän mukaan
Tuloshistoriasi
Et ole pelannut tätä visaa